<The> 8 practices of exceptional companies how great organizations make the most of their human assets

Gespeichert in:
Bibliographische Detailangaben
1. Verfasser: Fitz-enz, Jac
Format: Buch
Sprache:Englisch
Veröffentlicht: New York AMACOM 1997
Schlagworte:
Tags: Tag hinzufügen
Keine Tags, Fügen Sie das erste Tag hinzu!

MARC

LEADER 00000nam a2200000 4500
001 c100926
005 20221124074414.5
020 |a 0-8144-0348-4 
041 0 |a eng 
044 |a US 
245 1 0 |a <The> 8 practices of exceptional companies  |b how great organizations make the most of their human assets  |c Jac Fitz-enz 
264 1 |a New York  |b AMACOM  |c 1997 
300 |a 246 s. 
610 2 0 |a benchmarking 
610 2 0 |a spoločnosti 
610 2 0 |a organizácia podniku 
610 2 0 |a organizácia práce 
610 2 0 |a úspech pracovný 
610 2 0 |a inovácia 
610 2 0 |a riziko 
610 2 0 |a riziko podnikateľské 
610 2 0 |a kultúra procesu pracovného 
610 2 0 |a kultúra podniková 
610 2 0 |a štúdie prípadové 
100 1 |a Fitz-enz, Jac